Digital Development of Slovakia in the Context of Foreign Direct Investment

Ako je slovenská ekonomika transformovaná priamymi zahraničnými investíciami v kontexte digitálnej ekonomiky. Vzťah medzi priamymi zahraničnými investíciami a domácimi ukazovateľmi digitálneho rozvoja.

Gespeichert in:
Bibliographische Detailangaben
1. Verfasser: Bódy, Glória, 1998-
Format: Buchkapitel
Sprache:Englisch
Schlagworte:
Tags: Tag hinzufügen
Keine Tags, Fügen Sie das erste Tag hinzu!

MARC

LEADER 00000naa$a2200000$$$4500
001 0290373
005 20240502074448.9
041 0 |a eng 
044 |a SK 
245 1 0 |a Digital Development of Slovakia in the Context of Foreign Direct Investment  |c Glória Bódy 
520 |a Ako je slovenská ekonomika transformovaná priamymi zahraničnými investíciami v kontexte digitálnej ekonomiky. Vzťah medzi priamymi zahraničnými investíciami a domácimi ukazovateľmi digitálneho rozvoja. 
610 2 0 |a investície priame zahraničné 
610 2 0 |a rozvoj podniku 
610 2 0 |a digitalizácia 
610 2 0 |a ukazovatele 
610 2 0 |a ukazovatele makroekonomické 
610 2 0 |a ukazovatele úrovne technickej 
100 1 |a Bódy, Glória, 1998-